LEADER 01141cam2 22003011 450 001 SOBE00024279 005 20120406091616.0 100 $a20120406d1966 |||||ita|0103 ba 101 $aeng 102 $aGB 200 0 $a3$fQuintilian 210 $aLondon$cHeinemann$aCambridge, Massachusetts$cHarvard University Press$d1966 215 $aVIII, 595 p.$d16 cm 225 2 $aLoeb Classical Library$v126 300 $aTesto latino a fronte 410 1$1001LAEC00022597$12001 $aThe *Loeb Classical Library$v126 461 1$1001SOBE00024276$12001 $a<>Institutio oratoria : in four volumes / Quintilian ; with an english translation by H. E. Butler 700 1$aQuintilianus$b, Marcus Fabius$3AF00007935$4070$0171261 702 1$aButler, H. E.$3SOBA00003550$4070 801 0$aIT$bUNISOB$c20120406$gRICA 850 $aUNISOB 852 $aUNISOB$j870|Coll|8|K$m12673 912 $aSOBE00024279 940 $aM 102 Monografia moderna SBN 941 $aM 957 $a870|Coll|8|K$b000061$i-3$gSI$d12673$racquisto$tN$1cutolo$2UNISOB$3UNISOB$420120406091454.0$520120406091531.0$6cutolo 996 $a3$91649521 997 $aUNISOB